Подробности
| 000 -МАРКЕР |
| контрольное поле |
02090nam0a2200397 4500 |
| 001 - ИДЕНТИФИКАТОР ЗАПИСИ |
| контрольное поле |
RU\NLR\bibl\1395535 |
| 005 - ИДЕНТИФИКАТОР ВЕРСИИ |
| контрольное поле |
20260607070804.0 |
| 010 ## - МЕЖДУНАРОДНЫЙ СТАНДАРТНЫЙ НОМЕР КНИГИ (ISBN) |
| Номер (ISBN) |
5-7036-0117-7 |
| 021 ## - НОМЕР ГОСУДАРСТВЕННОЙ РЕГИСТРАЦИИ |
| Код страны |
Российская Федерация |
| Номер |
2009-41393 |
| Номер Листа государственной регистраци |
2515 |
| 035 ## - ДРУГИЕ СИСТЕМНЫЕ НОМЕРА |
| Идентификатор записи |
(NLR Aleph) 001387561 |
| 100 ## - ДАННЫЕ ОБЩЕЙ ОБРАБОТКИ |
| Данные общей обработки |
20090727d2009 |||y0rusy50 ca |
| 101 0# - ЯЗЫК РЕСУРСА |
| Язык текста, звукозаписи и т.д. |
русский |
| 102 ## - СТРАНА ПУБЛИКАЦИИ ИЛИ ПРОИЗВОДСТВА |
| Страна публикации |
Российская Федерация |
| 105 ## - ПОЛЕ КОДИРОВАННЫХ ДАННЫХ: ТЕКСТОВЫЕ МАТЕРИАЛЫ, МОНОГРАФИЧЕСКИЕ |
| Кодированные данные о монографическом текстовом документе |
ac ||||||||| |
| 200 1# - ЗАГЛАВИЕ И СВЕДЕНИЯ ОБ ОТВЕТСТВЕННОСТИ |
| Основное заглавие |
Кикоин, Колмогоров, ФМШ МГУ |
| Первые сведения об ответственности |
сост. А.М. Абрамов |
| 205 ## - СВЕДЕНИЯ ОБ ИЗДАНИИ |
| Сведения об издании |
Изд. 2-е, пересм. и доп. |
| 210 ## - ПУБЛИКАЦИЯ, РАСПРОСТРАНЕНИЕ И ДР. |
| Место издания, распространения и т.д. |
Москва |
| Имя издателя, распространителя и т. д. |
Фазис |
| Дата издания, распространения и т.д. |
2009 |
| 215 ## - ФИЗИЧЕСКАЯ ХАРАКТЕРИСТИКА |
| Специфическое обозначение материала и объем |
240 c. |
| Другие сведения о физической характеристике |
ил., портр. |
| Размеры |
25 |
| 300 ## - ОБЩИЕ ПРИМЕЧАНИЯ |
| Текст примечания |
На авантит.: 105-летию со дня рождения А.Н. Колмогорова, 100-летию со дня рождения И.К. Кикоина, 45-летию ФМШ МГУ посвящается |
| 600 #1 - ИМЯ ЛИЦА КАК ПРЕДМЕТ |
| Начальный элемент ввода |
Кикоин |
| Часть имени, кроме начального элемента ввода |
И.К. |
| Даты |
1908 - 1984 |
| Расширение инициалов личного имени |
Исаак Константинович |
| Системный номер авторитетной/нормативной записи |
1886910 |
| Идентификатор авторитетной/нормативной записи |
RU\NLR\auth\661148198 |
| 600 #1 - ИМЯ ЛИЦА КАК ПРЕДМЕТ |
| Начальный элемент ввода |
Колмогоров |
| Часть имени, кроме начального элемента ввода |
А.Н. |
| Даты |
1903 - 1987 |
| Расширение инициалов личного имени |
Андрей Николаевич |
| Системный номер авторитетной/нормативной записи |
2162692 |
| Идентификатор авторитетной/нормативной записи |
RU\NLR\auth\661301437 |
| 601 02 - НАИМЕНОВАНИЕ ОРГАНИЗАЦИИ КАК ПРЕДМЕТ |
| Начальный элемент ввода |
МГУ им. М.В. Ломоносова |
| Структурное подразделение организации |
Физико-математическая школа |
| Системный номер авторитетной/нормативной записи |
2370117 |
| Идентификатор авторитетной/нормативной записи |
RU\NLR\auth\661414718 |
| 686 ## - ИНДЕКСЫ ДРУГИХ КЛАССИФИКАЦИЙ |
| Индекс |
В3д(2)Кикоин |
| 686 ## - ИНДЕКСЫ ДРУГИХ КЛАССИФИКАЦИЙ |
| Индекс |
В1д(2)Колмогоров |
| 686 ## - ИНДЕКСЫ ДРУГИХ КЛАССИФИКАЦИЙ |
| Индекс |
Ч424(2)714.9 |
| 702 #1 - ИМЯ ЛИЦА - ВТОРИЧНАЯ ОТВЕТСТВЕННОСТЬ |
| Код отношения |
Прочие |
| Графика поля |
Кириллица |
| Материалы, к которым относится поле |
rus |
| Начальный элемент ввода |
Кикоин |
| Часть имени, кроме начального элемента ввода |
И. К. |
| Даты |
1908-1984 |
| Расширение инициалов личного имени |
Исаак Константинович |
| Системный номер авторитетной/нормативной записи |
112454 |
| Идентификатор авторитетной/нормативной записи |
RU\NLR\auth\772442 |
| 702 #1 - ИМЯ ЛИЦА - ВТОРИЧНАЯ ОТВЕТСТВЕННОСТЬ |
| Код отношения |
Прочие |
| Графика поля |
Кириллица |
| Материалы, к которым относится поле |
rus |
| Начальный элемент ввода |
Колмогоров |
| Часть имени, кроме начального элемента ввода |
А. Н. |
| Даты |
1903-1987 |
| Расширение инициалов личного имени |
Андрей Николаевич |
| Системный номер авторитетной/нормативной записи |
110506 |
| Идентификатор авторитетной/нормативной записи |
RU\NLR\auth\77455 |
| 702 #1 - ИМЯ ЛИЦА - ВТОРИЧНАЯ ОТВЕТСТВЕННОСТЬ |
| Код отношения |
Составитель |
| Графика поля |
Кириллица |
| Материалы, к которым относится поле |
rus |
| Начальный элемент ввода |
Абрамов |
| Часть имени, кроме начального элемента ввода |
А. М. |
| Дополнения к именам, кроме дат |
канд. пед. наук, математик |
| Даты |
1946-2015 |
| Расширение инициалов личного имени |
Александр Михайлович |
| Системный номер авторитетной/нормативной записи |
9381 |
| Идентификатор авторитетной/нормативной записи |
RU\NLR\AUTH\7726338 |
| 712 02 - НАИМЕНОВАНИЕ ОРГАНИЗАЦИИ - ВТОРИЧНАЯ ОТВЕТСТВЕННОСТЬ |
| Код отношения |
Прочие |
| Начальный элемент ввода |
МГУ им. М. В. Ломоносова |
| Структурное подразделение |
Физико-математическая школа |
| Системный номер авторитетной/нормативной записи |
369052 |
| Идентификатор авторитетной/нормативной записи |
RU\NLR\AUTH\889937137 |
| 801 #0 - ИСТОЧНИК ЗАПИСИ |
| Страна |
Российская Федерация |
| Организация |
NLR |
| Дата составления |
20090727 |
| Правила каталогизации |
RCR |
| 801 #1 - ИСТОЧНИК ЗАПИСИ |
| Страна |
Российская Федерация |
| Организация |
NLR |
| Дата составления |
20090727 |
| 942 ## - ДОПОЛНИТЕЛЬНЫЕ ЭЛЕМЕНТЫ ЗАПИСИ (АБИС) |
| Тип экземпляра АБИС |
Книга |
| 980 ## - КОЛЛЕКЦИЯ |
| Название коллекции |
Национальная библиография |